Border Country Marathon [part 16 of 16] Quiz Stats

 Plays Quiz not verified by Sporcle

Challenge
Share
Tweet
Score 0/53 Timer 05:00
0 Plays Today
% Correct
China
97.8%
Russia
97.5%
Brazil
95.9%
Venezuela
95.5%
Israel
95.4%
Peru
95.2%
Niger
94.6%
France
94.6%
Laos
94.3%
Switzerland
94.2%
Honduras
94.2%
Austria
94.1%
Panama
94.1%
South Africa
94%
Vatican City
93.9%
Belize
93.7%
San Marino
93.6%
Greece
93.5%
Iraq
93.4%
Ecuador
93.2%
Macedonia
92.7%
El Salvador
92.6%
Mexico
92.6%
Slovenia
92.3%
Syria
92.1%
Cambodia
91.7%
Nigeria
91.6%
% Correct
Central African Republic
91.1%
Mali
90.7%
Namibia
90.6%
Uzbekistan
90.6%
Myanmar
90.5%
Serbia
90.4%
Zambia *
90.4%
Sudan
90.1%
Bulgaria
90%
Montenegro
89.7%
Zimbabwe
89.6%
Ghana
89.4%
Kosovo
89.4%
Ukraine
89.3%
Iran
88.5%
Hungary
88.2%
Saudi Arabia
88.1%
Burkina Faso
87.8%
Guinea
87.2%
Kazakhstan
86.4%
Liberia
86%
Moldova
85.8%
Cameroon
84.9%
Afghanistan
84.4%
Libya
84.4%
Malaysia
82.9%

You're not logged in!

Compare scores with friends on all Sporcle quizzes.
Join for Free
OR
Log In

You Might Also Like...

Show Comments

Extras

Top Quizzes Today


Score Distribution

Your Account Isn't Verified!

In order to create a playlist on Sporcle, you need to verify the email address you used during registration. Go to your Sporcle Settings to finish the process.

Report this User

Report this user for behavior that violates our Community Guidelines.

Details: